Mezi stranou a trhem: institucionální základy současné fáze rozvojového modelu komunistické Číny (vybrané aspekty)
Reformný proces v Číne odštartovaný na konci 70. rokov ukázal pozoruhodný úspech a vytrvalosť keď Komunistická strana Číny vo vzťahu k pôvodnému marxismu-leninizmu preukázala vysoký stupeň pružnosti. Dnešná čínska ekonomika funguje na základe prevažne neštátnych subjektov. Štát si ponechal najväčšie...
Gespeichert in:
| 1. Verfasser: | |
|---|---|
| Format: | Buchkapitel |
| Sprache: | Tschechisch |
| Schlagworte: | |
| Tags: |
Keine Tags, Fügen Sie das erste Tag hinzu!
|
MARC
| LEADER | 00000nla a2200000 4500 | ||
|---|---|---|---|
| 001 | 0219505 | ||
| 005 | 20240417075107.2 | ||
| 041 | 0 | |a cze | |
| 044 | |a CZ | ||
| 245 | 1 | 0 | |a Mezi stranou a trhem: institucionální základy současné fáze rozvojového modelu komunistické Číny (vybrané aspekty) |c Luděk Toman |
| 520 | |a Reformný proces v Číne odštartovaný na konci 70. rokov ukázal pozoruhodný úspech a vytrvalosť keď Komunistická strana Číny vo vzťahu k pôvodnému marxismu-leninizmu preukázala vysoký stupeň pružnosti. Dnešná čínska ekonomika funguje na základe prevažne neštátnych subjektov. Štát si ponechal najväčšie podniky a dominantnú kontrolu nad finančným trhom, čo mu umožňuje mobilizovať finančné, materiálne i ľudské zdroje spoločnosti a nasmerovať ich k plneniu ambicióznych plánov. | ||
| 610 | 2 | 0 | |a Čína |
| 610 | 2 | 0 | |a transformácia |
| 610 | 2 | 0 | |a kapitalizmus |
| 610 | 2 | 0 | |a socializmus |
| 610 | 2 | 0 | |a vzťah politiky a ekonomiky |
| 610 | 2 | 0 | |a systémy ekonomické |
| 610 | 2 | 0 | |a reformy |
| 610 | 2 | 0 | |a modely |
| 100 | 1 | |a Toman, Luděk | |